Shringar-the Ras Raj: (Record no. 10611)
[ view plain ]
| 000 -LEADER | |
|---|---|
| fixed length control field | 00760 a2200205 4500 |
| 010 ## - LIBRARY OF CONGRESS CONTROL NUMBER | |
| LC control number | ENG-89433 |
| 020 ## - INTERNATIONAL STANDARD BOOK NUMBER | |
| Terms of availability | 1500.00 |
| International Standard Book Number | 8170174252 |
| 035 ## - SYSTEM CONTROL NUMBER | |
| System control number | EN-72966 |
| 037 ## - SOURCE OF ACQUISITION | |
| Source of stock number/acquisition | DBAD / PUB |
| 082 14 - DEWEY DECIMAL CLASSIFICATION NUMBER | |
| Classification number | 701.17 |
| 090 ## - LOCALLY ASSIGNED LC-TYPE CALL NUMBER (OCLC); LOCAL CALL NUMBER (OCLC) | |
| -- | 10913 |
| -- | 10913 |
| 100 1# - MAIN ENTRY--PERSONAL NAME | |
| Personal name | Bhatnagar, Ved |
| 245 1# - TITLE STATEMENT | |
| Title | Shringar-the Ras Raj: |
| Statement of responsibility, etc | by Ved Bhatnagar |
| Remainder of title | a classical Indian view/ |
| 260 ## - PUBLICATION, DISTRIBUTION, ETC. (IMPRINT) | |
| Place of publication, distribution, etc | New Delhi |
| Name of publisher, distributor, etc | Abhinav Publications |
| Date of publication, distribution, etc | 2004 |
| 270 ## - ADDRESS | |
| Address | E-37, Hauz Khas |
| City | New Delhi |
| Postal code | 110 016 |
| State or province | Delhi |
| Electronic mail address | www.abhinavexports.com |
| Telephone number | 26566387, 26562784, 26524658 |
| 300 ## - PHYSICAL DESCRIPTION | |
| Extent | 119p. |
| Dimensions | 24 cm ( Pbk.) |
| Other physical details | col. ill. |
| 500 ## - GENERAL NOTE | |
| General note | Includes bibliographical reference and index |
| 942 ## - ADDED ENTRY ELEMENTS (KOHA) | |
| Institution code [OBSOLETE] | dpl |
| Koha item type | English Books |
| Call number prefix | 701.17/ BHA |
| Withdrawn status | Lost status | Source of classification or shelving scheme | Damaged status | Not for loan | Collection code | Home library | Current library | Source of acquisition | Cost, normal purchase price | Total Checkouts | Full call number | Barcode | Date last seen | Copy number | Uniform Resource Identifier | Cost, replacement price | Price effective from | Koha item type |
|---|---|---|---|---|---|---|---|---|---|---|---|---|---|---|---|---|---|---|
| Dewey Decimal Classification | Not For Loan | Non-fiction | D.B.Act.Division | D.B.Act.Division | DBAD/PUB | 1500.00 | 701.17 | EN-72966 | 15/09/2008 | 1 | 11688 | 1500.00 | 15/09/2008 | English Books |
